All 250k+ cities in France - Statistics

General Stats
  • This quiz has been taken 37 times
  • The average score is 5 of 6
Answer Stats
Pop. Answer % Correct
2.13m Paris
97%
472k Lyon
88%
338k Nice
88%
433k Toulouse
73%
794k Marseille
64%
277k Nantes
61%
No matching quizzes found
Score Distribution
Percent of People with Each Score
Percentile by Number Answered
Your Score History
You have not taken this quiz